000 00634nam a2200241 a 4500
999 _c5031
_d5031
001 5031
003 BD-JhCC
005 20180305163819.0
008 171207s19361995ii |||| || | 000 0 eng d
035 _a(BD-JhCC)5031
040 _aBD-JhCC
_dBD-JhCC
041 _aeng
082 _a425
_bWRE 1995
100 _aWren, P. C.
245 _aHigh School English Grammar and Composition /
_cP. C. Wren, H Martin,
260 _aNew Delhi :
_bS. Chand & Company Ltd.
_c1995.
300 _a419 p. :
_c26 cm.
650 _aEnglish Language
700 _aMartin, H
700 _aRao, Prasada N.D.V.
942 _2ddc
_cBK